000 00608nam a22002297a 4500
003 UA-OsUOA
001 37068
007 ta
008 20061204b un ||||| |||| 00| 0 ukr d
100 _aMedrzecki W
090 _a94 (477)
942 _cBK
040 _aUA-OsUOA
_bpol
_cUA-OsUOA
_dUA-OsUOA
245 _aWojewodztwo Wolynskie 1921-1939
_bElementy przemian cywilizacyjnych, Spolecznych I politycznych
300 _a202 с.
955 _a1
041 _apol
080 _a94 (477)
260 _aPoland
_b1988
650 7 _a9 Географія. Біографії. Історія
_2UDC
999 _c435592
_d435592